Normal view
MARC view
Entry Personal Name
001 - CONTROL NUMBER
- control field: 79154
003 - CONTROL NUMBER IDENTIFIER
- control field: OSt
005 - DATE AND TIME OF LATEST TRANSACTION
- control field: 20200722125939.0
008 - FIXED-LENGTH DATA ELEMENTS
- fixed length control field: 200722|| aca||aabn | a|a d
040 ## - CATALOGING SOURCE
- Original cataloging agency: OSt
- Transcribing agency: OSt
100 ## - HEADING--PERSONAL NAME
- Personal name: मिश्र,प्रो. सच्चिदानन्द
670 ## - SOURCE DATA FOUND
- Source citation: Work cat.: (OSt): मिश्र,प्रो. सच्चिदानन्द , न्यायदर्शनम्, 2018









